| 000 | 00570nam a2200205Ia 4500 | ||
|---|---|---|---|
| 003 | IIN | ||
| 005 | 20250522115139.0 | ||
| 008 | 231217s9999 xx 000 0 und d | ||
| 020 |
_cRs.995.00 _a9788193944639 |
||
| 040 |
_aIIN _bEnglish |
||
| 082 |
_a610.7343 _bGUL |
||
| 100 | 1 | _aGulani, Krishna Kumari | |
| 245 | 1 |
_aCommunity Health Nursing _bPrinciples & Practices/ _cKrishna Kumari Gulani |
|
| 250 | _a3rd ed | ||
| 260 |
_aDelhi _bKumar _c2019 |
||
| 300 | _axvi, 781p. | ||
| 500 | _aIncludes Index | ||
| 650 | 1 |
_aCommunity Health _vNursing _xPractice |
|
| 942 | _cBOOK | ||
| 999 |
_c1055 _d1055 |
||